000 00634nam a22002297a 4500
003 UA-OsUOA
001 97858
007 ta
008 20130408b un ||||| |||| 00| 0 ukr d
100 _aПеегель Ю.
090 _a821.17
_bП24
942 _cBK
040 _aUA-OsUOA
_bukr
_cUA-OsUOA
_dUA-OsUOA
245 _aЯ загинув першого літа війни
_bроман-фрагментарій
300 _a187 с.
955 _a3
041 _aukr
080 _a821.17
260 _aК.
_bДніпро
_c1984
650 7 _a82 Література. Літературознавство
_2UDC
999 _c384106
_d384106